| 000 | 00795cam a2200205 4500 | ||
|---|---|---|---|
| 001 | L136341 | ||
| 008 | 070125n2005 000 0 eng u | ||
| 035 | _a(Sirsi) u136341 | ||
| 041 | 0 | _aeng | |
| 050 | 0 | 4 | _a333.33 $2 18 |
| 110 | 2 |
_aEC Harris _94930 |
|
| 245 | 0 | 0 |
_aEuropean focus _bon retail _h[electronic resource] |
| 260 |
_aLondon _bEC Harris _c2005 |
||
| 520 | _aDiscusses how multinational retail expansions into Central and Eastern Europe have opened new markets in the Czech Republic and Poland, and how the size of the UK market means it still dominates the sector. | ||
| 590 | _aKA | ||
| 651 | 4 | _aEUROPEAN UNION | |
| 690 | _aPROPERTY-COMMERCIAL PROPERTY-RETAIL PROPERTY | ||
| 856 | 4 | 0 |
_uhttps://www.echarris.com/ _zView the item free of charge at www.echarris.com... |
| 942 | _n0 | ||
| 999 |
_c106365 _d106365 |
||